ბათუმის შოთა რუსთაველის სახელმწიფო უნივერსიტეტის ბიბლიოთეკა

ლიმონ მეიერის გამორჩეული ფორმების შესწავლა ჭარის პირობებში. (ბიბ.ჩანაწერი № 35307)

000 -LEADER
fixed length control field 00773nam a2200217Ia 4500
001 - CONTROL NUMBER
control field 1158
003 - CONTROL NUMBER IDENTIFIER
control field GE_BSU
008 - FIXED-LENGTH DATA ELEMENTS--GENERAL INFORMATION
fixed length control field 181216s||||||||xx |||||||||||||| ||und||
020 ## - INTERNATIONAL STANDARD BOOK NUMBER
International Standard Book Number 99928434908
040 ## - CATALOGING SOURCE
Transcribing agency GE_BSU
080 ## - UNIVERSAL DECIMAL CLASSIFICATION NUMBER
Universal Decimal Classification number 634
100 ## - MAIN ENTRY--PERSONAL NAME
Personal name კონცელიძე,გული
245 ## - TITLE STATEMENT
Title ლიმონ მეიერის გამორჩეული ფორმების შესწავლა ჭარის პირობებში.
260 ## - PUBLICATION, DISTRIBUTION, ETC.
Place of publication, distribution, etc. ბათუმი
260 ## - PUBLICATION, DISTRIBUTION, ETC.
Name of publisher, distributor, etc. ალიონი
260 ## - PUBLICATION, DISTRIBUTION, ETC.
Date of publication, distribution, etc. 2009
300 ## - PHYSICAL DESCRIPTION
Extent 98 გვ. 20 სვ.
653 ## - INDEX TERM--UNCONTROLLED
Uncontrolled term ლიმონ მეიერის ფორმების შესწავლა აჭარის პირობებში
942 ## - ADDED ENTRY ELEMENTS (KOHA)
Koha item type წიგნი
ეგზემპლარები
Withdrawn status Lost status Damaged status Not for loan Date acquired Barcode Date last seen Price effective from Koha item type
        2018-12-17 2712 2018-12-17 2018-12-17 წიგნი